1368 1474 1977 1727 1046 1050 1243 1491 1721 1175 1246 1967 1905 1165 1369 1275 1064 1927 1015 1457 1170 1041 1927 1715 1408 1231 1459 1676 1885 1041 1881 1992 1065 1987 1572 1141 1952 1156 1714 1524 1761 1777 1953 1583 1294 1091 1942 1120 1000 1086 1550 1315 1411 1378 1341 1247 1657 1321 1477 1446 1529 1947 1620 1477 1172 1193 1792 1222 1979 1328 1502 1422 1600 1767 1648 1850 1751 1647 1862 1992 1688 1757 1693 1683 1579 1993 1587 1239 1157 1265 1219 1982 1910 1341 1752 1807 1517 1920 1542 BCNSPRNW ULIB Ver.6.0+V

เปลี่ยนเป็นภาษาไทย

Change to English
 แสดงรายละเอียดบรรณานุกรม
  กลับหน้าหลัก

Brief Record : Get Marc (ISO 2709) : E-mail record : QR code < ปิดหน้าต่าง
LEADER : 00000nam 2200000uu 4500
001    13399124511
003     ULIB
008    150817s2556 th a 000 0 tha d
020    9789749804193
020    9789749804198
090    นว.^bล158บ ล.1
100    ล่อร่า อิงกัลล์ส์ ไวล์เดอร์;^eผู้แต่ง
245    บ้านเล็กในป่าใหญ่/^cล่อร่า อิงกัลล์ส์ ไวล์เดอร์. ; เขียน ,สุคนธรส. ; แปล
250    พิมพ์ครั้งที่ 17
260    กรุงเทพฯ :^bแพรวเยาวชน,^c2556
300    150 หน้า;^b18.5 ซม.
500    หนังสือชุดบ้านเล็ก
700    สุคนธรส ;^eแปล
945    ^p115^l0^i039772
999    ^aทศพร
รายการนี้ยังไม่มีแท็ก
คุณยังไม่ได้ล็อกอิน คุณสามารถมีกิจกรรมร่วมกับเว็บไซต์ได้ แต่ต้องล็อกอินก่อน ::
  ล็อกอิน

รายการสื่อสารสนเทศ

ลำดับที่ ประเภท เลขเรียก/บาร์โค้ด สถานที่ สถานะ
1. นวนิยาย
นวนิยาย
นว. ล158บ ล.1 ฉ.1 
  Barcode: 039772
ห้องสมุดวิทยาเขตสวรรค์ประชารักษ์
►นวนิยาย
บนชั้น
  ขอยืม

BibComment


ยังไม่เคยถูกคอมเมนท์

คอมเมนท์ทรัพยากรรายการนี้
  คอมเมนท์: บ้านเล็กในป่าใหญ่..


 Copyright 2026. Bcnsprnw @Library